[Event "CAN-ch U08 Girls"]
[Site "Sault Ste Marie"]
[Date "2017.07.10"]
[Round "7"]
[White "Zhuang, Winnie"]
[Black "Chen, Alina Yuexi"]
[Result "1-0"]
[WhiteElo "1082"]
[BlackElo "670"]
[PlyCount "55"]
[EventDate "2017.07.06"]
[EventType "swiss"]
[EventRounds "9"]
[EventCountry "CAN"]
[SourceTitle "EXT 2022"]
[Source "ChessBase"]
[SourceDate "2021.10.06"]
[SourceVersion "1"]
[SourceVersionDate "2021.10.06"]
[SourceQuality "1"]

1. e4 e5 2. Nf3 Nc6 3. Bb5 Bc5 4. Nc3 Nf6 5. d3 h6 6. Be3 Bb6 7. Bxc6 dxc6 8. Nxe5 0-0 9. 0-0 Re8 10. d4 c5 11. dxc5 Qxd1 12. Raxd1 Rxe5 13. cxb6 Nxe4 14. Nxe4 Rxe4 15. bxa7 Rxa7 16. Bxa7 Re5 17. Rd8+ Kh7 18. Rxc8 c6 19. Rc7 Ra5 20. Rxb7 Rxa2 21. Rxf7 Rxb2 22. Bd4 Ra2 23. Rxg7+ Kh8 24. Ra7+ Kg8 25. Rxa2 c5 26. Ra7 Kf8 27. Rb1 cxd4 28. Rb8# 1-0

[Event "CAN-ch U08 Girls"]
[Site "Sault Ste Marie"]
[Date "2017.07.06"]
[Round "1"]
[White "Li, Daniella"]
[Black "Zhuang, Winnie"]
[Result "0-1"]
[WhiteElo "648"]
[BlackElo "1082"]
[PlyCount "64"]
[EventDate "2017.07.06"]
[EventType "swiss"]
[EventRounds "9"]
[EventCountry "CAN"]
[SourceTitle "EXT 2022"]
[Source "ChessBase"]
[SourceDate "2021.10.06"]
[SourceVersion "1"]
[SourceVersionDate "2021.10.06"]
[SourceQuality "1"]

1. e4 c5 2. Nf3 d6 3. Bc4 e6 4. 0-0 Nf6 5. Re1 Be7 6. d3 0-0 7. Bf4 a6 8. Nc3 b5 9. Bb3 Bb7 10. Bg3 d5 11. a4 b4 12. Ne2 dxe4 13. dxe4 Qxd1 14. Raxd1 Bxe4 15. Nf4 Bf5 16. Nd5 exd5 17. Rxe7 c4 18. Bxc4 dxc4 19. c3 bxc3 20. bxc3 Ne4 21. Be5 Nc6 22. Rd5 Nxe5 23. Rdxe5 Rfd8 24. g3 Bg4 25. Nh4 Nxc3 26. f3 Bh3 27. Rc5 Rd1+ 28. Kf2 Rf1+ 29. Ke3 Re1+ 30. Kf4 Rxe7 31. Rxc4 h6 32. Rxc3 g5# 0-1